Hokejová ST extraliga - 25. kolo: ...

Bibliographic Details
Format: Article
Language:Slovak
Subjects:

MARC

LEADER 00000nab a2200000 ar4500
001 vtls008412613
003 SK-MaSNL
005 20260303070206.0
008 051130c20051119xo sr|p|||||||000 b|slo
015 |a SNBRB2005/11  |2 snkbucl 
038 |a SNKBUCL 
040 |a SNKBUCL  |b slo  |c SNKBUCL  |e AACR2 
041 0 |a slo 
044 |a xo  |c SK 
080 |a 796.966.093.1  |2 UDC-MRF-SK2 
245 0 0 |a Hokejová ST extraliga - 25. kolo: ... 
300 |b Fotogr., tab. 
650 0 7 |a ľadový hokej  |2 snkbucl  |9 3231 
650 0 7 |a extraliga   |2 snkbucl  |9 18992 
650 0 7 |a 25. kolo  |2 snkbucl  |9 873203 
773 0 |t Šport  |g Roč. 59, č. 267 (19.11.2005), s. 12-14  |x 0139-7001 
852 |a SNK  |b KIS3GCP 
999 |c 1754329  |d 1756259